000 00568nam a2200181 4500
001 109750
003 ES-MaACL
005 20230906184913.0
007 t|
008 061121s1982 sp r ||||1| spa d
080 _a35(37).08
100 1 _aMuñiz Coello, Joaquín.
_984272
245 1 0 _aEmpleados y subalternos de la administración romana
_b: Los ` Scribae` /
_cJoaquín Muñiz Coello.
260 _aLa Rábida :
_bColegio Universitario,
_c1982.
300 _a82 p. ;
_c21 cm.
650 4 _aFuncionarios-
_zRoma.
_9148243
852 _aES-MaACL
_jL-2833
_bR.103906
999 _c109750
_d109750